Japan 2026 FIFA World Cup Squad - Statistics

General Stats
  • This quiz has been taken 7 times
  • The average score is 12 of 26
Answer Stats
Position Club Player % Correct
MID Liverpool Wataru Endo
100%
MID Crystal Palace Daichi Kamada
86%
MID Eintracht Frankfurt Ritsu Dōan
86%
DEF Bayern Munich Hiroki Ito
71%
DEF Copenhagen Junnosuke Suzuki
71%
MID Genk Junya Itō
71%
MID Real Sociedad Takefusa Kubo
71%
DEF Ajax Takehiro Tomiyasu
71%
ATT Freiburg Yuito Suzuki
71%
ATT Celtic Daizen Maeda
57%
MID Leeds United Ao Tanaka
43%
ATT Feyenoord Ayase Ueda
43%
MID Reims Keito Nakamura
43%
DEF Ajax Ko Itakura
43%
DEF FC Tokyo Yūto Nagatomo
43%
DEF Le Havre Ayumu Seko
29%
MID Mainz Kaishu Sano
29%
DEF Werder Bremen Yukinari Sugawara
29%
ATT Sint-Truiden Keisuke Gotō
14%
GK Sanfrecce Hiroshima Keisuke Ōsako
14%
ATT Wolfsburg Kento Shiogai
14%
ATT NEC Kōki Ogawa
14%
DEF Sint-Truiden Shōgo Taniguchi
14%
GK Kashima Antlers Tomoki Hayakawa
14%
DEF Feyenoord Tsuyoshi Watanabe
14%
GK Parma Zion Suzuku
0%
No matching quizzes found
Score Distribution
Percent of People with Each Score
Percentile by Number Answered
Your Score History
You have not taken this quiz